| 000 | 00809cam a22002531 4500 | ||
|---|---|---|---|
| 001 | ne 66001240 | ||
| 003 | DLC | ||
| 005 | 20260227111824.0 | ||
| 008 | 841028m19601965mr c b 000 0 arao | ||
| 010 | _ane 66001240 | ||
| 035 | _a(OCoLC)21691389 | ||
| 040 |
_aDLC _cCU _dDLC |
||
| 042 | _apremarc | ||
| 043 | _af-mr--- | ||
| 050 | 0 | 0 |
_aZ3836 _b.I22 |
| 100 | 2 | _aIbn Sūdah, ʻAbd al-Salām ibn ʻAbd al-Qādir. | |
| 245 | 1 | 0 |
_aDalīl muʹarrikh al-Maghrib al-Aqṣá, _ctaʹlīf ʻAbd al-Salām ibn ʻAbd al-Qādir ibn Sūdah al-Marrī. |
| 250 | _aal-Ṭabʻah 2. | ||
| 260 |
_aal-Dār al-Bayḍāʹ, _bDār al-Kitāb, _c1960-1965. |
||
| 300 |
_a2 v. _bport. _c22 cm. |
||
| 504 | _aBibliographical footnotes. | ||
| 650 | 0 |
_aArabic literature _zMorocco _vBibliography. |
|
| 651 | 0 |
_aMorocco _xBibliography |
|
| 999 |
_c48990 _d48990 |
||